[Event "Kreis-EM Mfr.Mitte 1997/98"]
[Site "Stein (15.11.-6.12.97)"]
[Date "1997.??.??"]
[Round "1"]
[White "Braginskij, Alexej"]
[Black "Ringler, Claus++"]
[Result "1-0"]
[WhiteElo "1873"]
[BlackElo "1386"]
[PlyCount "55"]
[EventDate "1997.12.??"]
[WhiteTeam "Fürth-2002 SZ"]

1. e4 e6 2. d4 d5 3. Nd2 dxe4 4. Nxe4 Bd7 5. Nf3 Bc6 6. Bd3 Bxe4 7. Bxe4 c6 8.
Ne5 Be7 9. f4 Nf6 10. Bf3 O-O 11. Qd3 Nbd7 12. c4 Nxe5 13. fxe5 Nd7 14. Be4 g6
15. Bh6 Qa5+ 16. Ke2 Rfe8 17. Qf3 Nxe5 18. dxe5 Qxe5 19. Kf1 Qxb2 20. Rb1 Qxa2
21. Rxb7 Qxc4+ 22. Kf2 Qa2+ 23. Kg3 Bd6+ 24. Kh4 f5 25. Qc3 Qf2+ 26. g3 e5 27.
Qc4+ Kh8 28. Bg7# 1-0

[Event "Kreis-EM Mfr.Mitte 1997/98"]
[Site "Stein (15.11.-6.12.97)"]
[Date "1997.??.??"]
[Round "1"]
[White "Goetz, Dieter(65)"]
[Black "Schmid, Stefan(63)"]
[Result "1-0"]
[WhiteElo "1958"]
[BlackElo "1738"]
[PlyCount "37"]
[EventDate "1997.12.??"]
[WhiteTeam "Nürnberg-1911 SK"]

1. c4 f5 2. Nc3 Nf6 3. g3 c6 4. Bg2 e6 5. Nf3 d5 6. cxd5 exd5 7. d4 Bd6 8. O-O
O-O 9. Rb1 Ne4 10. Bf4 Bxf4 11. gxf4 Nd7 12. Qd3 Qe8 13. b4 Nxc3 14. Qxc3 Qxe2
15. Rfe1 Qxa2 16. Bf1 Nb6 17. Ra1 Na4 18. Qd3 Nb2 19. Qc2 1-0

[Event "Kreis-EM Mfr.Mitte 1997/98"]
[Site "Stein (15.11.-6.12.97)"]
[Date "1997.??.??"]
[Round "1"]
[White "Bodakosch, Josef"]
[Black "Holl, Manfred"]
[Result "0-1"]
[WhiteElo "1446"]
[BlackElo "1893"]
[PlyCount "74"]
[EventDate "1997.12.??"]
[BlackTeam "Nürnberg-Süd SW"]

1. e4 c5 2. Qf3 Nc6 3. c3 Nf6 4. Bb5 d6 5. h3 Bd7 6. Bxc6 Bxc6 7. d3 c4 8. Nd2
cxd3 9. Qxd3 g6 10. Ngf3 Bg7 11. Nd4 Qc7 12. O-O O-O 13. Nxc6 Qxc6 14. Qc4 Qxc4
15. Nxc4 Nxe4 16. Re1 d5 17. Nd2 Nxd2 18. Bxd2 e6 19. Be3 Rfc8 20. Re2 Rc4 21.
Rd1 h6 22. Bd4 Bxd4 23. Rxd4 Rxd4 24. cxd4 Rc8 25. Rd2 Kf8 26. f4 Ke7 27. Kf2
Kd7 28. g4 Rc1 29. a3 Kc6 30. Kg3 Kb5 31. Rd3 Kc4 32. Rc3+ Rxc3+ 33. bxc3 Kxc3
34. f5 exf5 35. gxf5 Kxd4 36. Kf4 gxf5 37. h4 Kc3 0-1

[Event "Kreis-EM Mfr.Mitte 1997/98"]
[Site "Stein (15.11.-6.12.97)"]
[Date "1997.??.??"]
[Round "1"]
[White "Neumann, Peter(46)"]
[Black "Betz, Egon"]
[Result "0-1"]
[WhiteElo "1482"]
[BlackElo "1904"]
[PlyCount "98"]
[EventDate "1997.12.??"]
[WhiteTeam "Nürnberg-Süd SW"]

1. c4 e5 2. Nc3 Nf6 3. Nf3 Nc6 4. d4 e4 5. Nd2 Bb4 6. e3 O-O 7. Qc2 Bxc3 8.
bxc3 d5 9. cxd5 Qxd5 10. Bc4 Qf5 11. Ba3 Re8 12. h3 Na5 13. Be2 b6 14. Rb1 Qg6
15. Nf1 Be6 16. c4 Rad8 17. Ng3 h5 18. h4 Bc8 19. Rb5 c5 20. dxc5 Ba6 21. Rxa5
bxa5 22. Qa4 Ng4 23. Bxg4 Qxg4 24. c6 Rd3 25. O-O Rc8 26. Bc5 Qe6 27. Rc1 Qxc6
28. Qxc6 Rxc6 29. Bxa7 Rxc4 30. Rxc4 Bxc4 31. Bb6 a4 32. Nxe4 Bxa2 33. Nc5 Rd1+
34. Kh2 Bb3 35. Ne4 a3 36. Nc3 Rd3 37. Bd4 Rxd4 38. exd4 a2 39. Nxa2 Bxa2 40.
Kg3 f6 41. Kf4 Kf7 42. g3 Ke6 43. Ke3 Kf5 44. Kf3 Bd5+ 45. Ke3 Kg4 46. Ke2 f5
47. Ke3 g6 48. Ke2 f4 49. Kd3 fxg3 0-1

[Event "Kreis-EM Mfr.Mitte 1997/98"]
[Site "Stein (15.11.-6.12.97)"]
[Date "1997.??.??"]
[Round "1"]
[White "Zaudtke, Friedrich Wilhelm"]
[Black "Klein, Waldemar(58)"]
[Result "0-1"]
[WhiteElo "1601"]
[BlackElo "1951"]
[PlyCount "66"]
[EventDate "1997.12.??"]
[BlackTeam "Nürnberg-Süd SW"]

1. e4 c6 2. Nf3 g6 3. d4 d5 4. exd5 Qxd5 5. Be2 Bg7 6. O-O Nf6 7. c3 O-O 8.
Nbd2 Nbd7 9. Bc4 Qd6 10. Re1 b5 11. Bb3 Nb6 12. Ne4 Nxe4 13. Rxe4 Bf5 14. Bf4
Qd7 15. Ne5 Qb7 16. Re2 Nd5 17. Bxd5 cxd5 18. Qd2 Rfe8 19. Rae1 Rac8 20. Bh6
Bxh6 21. Qxh6 f6 22. Nf7 Qd7 23. Ng5 fxg5 24. Qxg5 Rc7 25. h4 Kg7 26. f3 Qd6
27. g4 Qg3+ 28. Kh1 Qxf3+ 29. Kh2 Qxg4 30. Rxe7+ Rcxe7 31. Rxe7+ Rxe7 32. Qxe7+
Kh6 33. Qe3+ Kh5 0-1

[Event "Kreis-EM Mfr.Mitte 1997/98"]
[Site "Stein (15.11.-6.12.97)"]
[Date "1997.??.??"]
[Round "1"]
[White "Schrenk, Robert"]
[Black "Schloetterer, Hermann"]
[Result "0-1"]
[WhiteElo "1589"]
[BlackElo "1907"]
[PlyCount "62"]
[EventDate "1997.12.??"]
[WhiteTeam "Nürnberg-Zabo Spvg"]

1. c4 Nf6 2. Nc3 g6 3. d4 Bg7 4. e4 d6 5. Nf3 O-O 6. Be2 Nc6 7. O-O Nd7 8. Be3
e5 9. d5 Ne7 10. b4 f5 11. Ng5 Nf6 12. Qc2 h6 13. Ne6 Bxe6 14. dxe6 f4 15. Bd2
Nc6 16. Qa4 Nd4 17. c5 Nxe2+ 18. Nxe2 Qe7 19. f3 Qxe6 20. Rac1 dxc5 21. Rxc5
Rfd8 22. Bc3 Nd7 23. Rxc7 Qb6+ 24. Rc5 Nxc5 25. bxc5 Qxc5+ 26. Kh1 b5 27. Qb3+
Qc4 28. Rc1 Qxb3 29. axb3 Rac8 30. Kg1 b4 31. Ba1 Rxc1+ 0-1

[Event "Kreis-EM Mfr.Mitte 1997/98"]
[Site "Stein (15.11.-6.12.97)"]
[Date "1997.??.??"]
[Round "1"]
[White "Nottenkaemper, Franz Ludwig"]
[Black "Junker, Rene++"]
[Result "0-1"]
[WhiteElo "1668"]
[BlackElo "2114"]
[PlyCount "66"]
[EventDate "1997.12.??"]
[BlackTeam "Schwabach-07 SK"]

1. Nf3 d5 2. d4 e6 3. c4 c6 4. Nc3 Nf6 5. Bg5 dxc4 6. a4 Bb4 7. e3 b5 8. Ne5
Bb7 9. Qf3 Qd5 10. Bxf6 Qxf3 11. gxf3 gxf6 12. Ng4 f5 13. Nf6+ Ke7 14. Nh5 Nd7
15. O-O-O Bxc3 16. bxc3 a5 17. e4 fxe4 18. fxe4 Nb6 19. axb5 cxb5 20. Bg2 b4
21. cxb4 axb4 22. d5 Rhd8 23. Nf4 c3 24. Kb1 b3 25. Rd3 Na4 26. d6+ Rxd6 27.
Rxd6 c2+ 28. Kc1 Kxd6 29. e5+ Kc7 30. Bxb7 Kxb7 31. Nd3 Rd8 32. Nb4 Rd4 33.
Nxc2 Rc4 0-1

[Event "Kreis-EM Mfr.Mitte 1997/98"]
[Site "Stein (15.11.-6.12.97)"]
[Date "1997.??.??"]
[Round "1"]
[White "Gedak, Gerhard"]
[Black "Kuehnel, Stefan(64)"]
[Result "0-1"]
[WhiteElo "1660"]
[BlackElo "1532"]
[PlyCount "64"]
[EventDate "1997.12.??"]
[BlackTeam "Stein SC"]

1. e4 e5 2. Nf3 d6 3. Bc4 Nf6 4. d3 Be7 5. h3 h6 6. O-O Nc6 7. a3 O-O 8. Be3 d5
9. exd5 Nxd5 10. Bxd5 Qxd5 11. Nc3 Qe6 12. Re1 Qg6 13. Kh1 a6 14. Qe2 b6 15.
Rad1 Bb7 16. d4 exd4 17. Bxd4 Nxd4 18. Rxd4 Bc5 19. Rg4 Qc6 20. Qe5 f6 21. Qg3
g5 22. Rge4 Bd6 23. Qg4 Rae8 24. Qf5 Kg7 25. h4 Bc8 26. Qd5 Qd7 27. Nd4 Rxe4
28. Qxe4 Qd8 29. Nf5+ Bxf5 30. Qxf5 Re8 31. Rd1 Qe7 32. h5 Qe1+ 0-1

[Event "Kreis-EM Mfr.Mitte 1997/98"]
[Site "Stein (15.11.-6.12.97)"]
[Date "1997.??.??"]
[Round "1"]
[White "Schmidt, Erich(34)++"]
[Black "Schanz, Karlheinz"]
[Result "1/2-1/2"]
[WhiteElo "1650"]
[BlackElo "1758"]
[PlyCount "51"]
[EventDate "1997.12.??"]
[WhiteTeam "Stein SC"]

1. d4 d5 2. Nf3 Nf6 3. c4 e6 4. Nc3 h6 5. Qc2 c6 6. a3 Bd6 7. e4 dxe4 8. Nxe4
Nxe4 9. Qxe4 Nd7 10. Bd2 Nf6 11. Qc2 Qc7 12. Bc3 O-O 13. O-O-O Nd7 14. h4 b6
15. Kb1 Bb7 16. Bd3 a5 17. Bh7+ Kh8 18. Be4 b5 19. cxb5 cxb5 20. Bxb7 Qxb7 21.
Ng5 Nf6 22. d5 e5 23. f4 Rfe8 24. fxe5 Bxe5 25. Bxe5 Rxe5 26. d6 1/2-1/2

[Event "Kreis-EM Mfr.Mitte 1997/98"]
[Site "Stein (15.11.-6.12.97)"]
[Date "1997.??.??"]
[Round "1"]
[White "Ganslmayer, Herbert"]
[Black "Pilch, Jan"]
[Result "1-0"]
[WhiteElo "1807"]
[BlackElo "1577"]
[PlyCount "35"]
[EventDate "1997.12.??"]
[WhiteTeam "Zirndorf SK"]

1. c4 e6 2. e3 Nf6 3. Nf3 Be7 4. Nc3 b6 5. d4 Bb7 6. Qc2 Bb4 7. Bd3 d6 8. Bd2
Nbd7 9. a3 Bxc3 10. Bxc3 Qe7 11. e4 d5 12. cxd5 exd5 13. O-O dxe4 14. Rfe1 O-O
15. Ng5 exd3 16. Qxd3 Qd6 17. Rad1 Ng4 18. Qxh7# 1-0

[Event "Kreis-EM Mfr.Mitte 1997/98"]
[Site "Stein (15.11.-6.12.97)"]
[Date "1997.??.??"]
[Round "1"]
[White "Hasenoeder, Matthias"]
[Black "Woerl, Richard"]
[Result "1-0"]
[WhiteElo "1670"]
[BlackElo "1956"]
[PlyCount "65"]
[EventDate "1997.12.??"]

1. d4 d5 2. c4 e6 3. Nc3 Nf6 4. cxd5 exd5 5. Bg5 Be7 6. Nf3 O-O 7. e3 Bg4 8. h3
Bh5 9. Be2 Nbd7 10. O-O c6 11. Rb1 a6 12. Qc2 Kh8 13. b4 Bg6 14. Bd3 Ne4 15.
Bxe7 Qxe7 16. Bxe4 dxe4 17. Nd2 f5 18. Ne2 f4 19. Nxf4 Rxf4 20. exf4 Rf8 21.
Qb3 Nf6 22. g4 Bf7 23. Qa3 Bd5 24. Rb3 Bxb3 25. Qxb3 Nd5 26. f5 h5 27. Nc4 hxg4
28. Ne5 Qg5 29. hxg4 Nf4 30. Qf7 Nh3+ 31. Kh2 Nf4 32. Qxf8+ Kh7 33. Qh8+ 1-0

[Event "Kreis-EM Mfr.Mitte 1997/98"]
[Site "Stein (15.11.-6.12.97)"]
[Date "1997.??.??"]
[Round "1"]
[White "Konsek, Peter"]
[Black "Grasser, Stefan"]
[Result "1-0"]
[WhiteElo "1929"]
[BlackElo "1552"]
[PlyCount "77"]
[EventDate "1997.12.??"]

1. e4 c6 2. d4 d5 3. e5 Bf5 4. Nc3 e6 5. g4 Bg6 6. Nge2 Be7 7. Be3 Nd7 8. Qd2
f6 9. f4 f5 10. h3 Bh4+ 11. Kd1 Be7 12. Ng3 h6 13. Bd3 Bh4 14. gxf5 Bxg3 15.
fxg6 Qh4 16. Ne2 Bf2 17. c3 Bxe3 18. Qxe3 O-O-O 19. Kc2 Rf8 20. Raf1 Ne7 21.
Qg3 Nf5 22. Qxh4 Nxh4 23. Rf2 c5 24. Kd2 c4 25. Bc2 h5 26. Rhf1 Rh6 27. f5 exf5
28. Nf4 Nb6 29. Rg1 Re8 30. Rg5 Kc7 31. Bxf5 Nxf5 32. Rxf5 h4 33. Rf7+ Kc6 34.
Rxg7 Nc8 35. Ng2 Ne7 36. Rf6+ Kd7 37. Rd6+ Kc8 38. Re6 Kd7 39. Nf4 1-0

[Event "Kreis-EM Mfr.Mitte 1997/98"]
[Site "Stein (15.11.-6.12.97)"]
[Date "1997.??.??"]
[Round "1"]
[White "Ponnath, Lorenz"]
[Black "Seibert, Volker"]
[Result "1/2-1/2"]
[WhiteElo "2036"]
[BlackElo "1728"]
[PlyCount "75"]
[EventDate "1997.12.??"]

1. c4 f5 2. g3 Nf6 3. Bg2 e6 4. b3 Be7 5. Bb2 O-O 6. Nf3 d6 7. d4 Qe8 8. Na3 c6
9. Qd3 Nbd7 10. Ng5 Bd8 11. f4 d5 12. Nb1 Ne4 13. Nxe4 fxe4 14. Qc3 g5 15. Nd2
gxf4 16. O-O-O fxg3 17. Rdg1 Rf7 18. Bh3 Bf6 19. Rxg3+ Rg7 20. Rhg1 Nf8 21.
Nxe4 dxe4 22. d5 e5 23. dxc6 bxc6 24. Bxc8 Rxc8 25. h4 Rcc7 26. Qa5 Rxg3 27.
Rxg3+ Rg7 28. Rxg7+ Bxg7 29. Qxa7 Qd8 30. Qg1 Kh8 31. Qf1 Qxh4 32. Bxe5 Ng6 33.
Bxg7+ Kxg7 34. Qg1 Qf4+ 35. Kc2 e3 36. Kd3 Qf5+ 37. Kd4 Qe5+ 38. Kd3 1/2-1/2

[Event "Kreis-EM Mfr.Mitte 1997/98"]
[Site "Stein (15.11.-6.12.97)"]
[Date "1997.??.??"]
[Round "1"]
[White "Soergel, Frank"]
[Black "Gawlas, Gunder"]
[Result "1-0"]
[WhiteElo "1956"]
[BlackElo "1578"]
[PlyCount "79"]
[EventDate "1997.12.??"]

1. e4 e5 2. Nf3 Nc6 3. Nc3 d6 4. d4 exd4 5. Nxd4 Nf6 6. Bb5 Bd7 7. O-O Be7 8.
Re1 O-O 9. Nxc6 bxc6 10. Bc4 Be6 11. Bxe6 fxe6 12. e5 Nd5 13. Nxd5 exd5 14.
exd6 Bxd6 15. Qg4 Qf6 16. Be3 c5 17. c3 Rae8 18. Rad1 Re4 19. Qg5 Qxg5 20. Bxg5
Rxe1+ 21. Rxe1 d4 22. Bd2 Kf7 23. h3 Re8 24. Rxe8 Kxe8 25. Kf1 Ke7 26. Ke2 dxc3
27. Bxc3 g6 28. Kd3 Ke6 29. Ke4 c6 30. b3 Be7 31. f4 Bf6 32. Bxf6 Kxf6 33. g3
h6 34. g4 a6 35. a3 a5 36. a4 Ke6 37. f5+ Kf6 38. Kf4 gxf5 39. gxf5 h5 40. h4
1-0

[Event "Kreis-EM Mfr.Mitte 1997/98"]
[Site "Stein (15.11.-6.12.97)"]
[Date "1997.??.??"]
[Round "1"]
[White "Suess, Helmut"]
[Black "Hennemann, Herbert"]
[Result "1-0"]
[WhiteElo "1965"]
[BlackElo "1587"]
[PlyCount "49"]
[EventDate "1997.12.??"]

1. d4 Nf6 2. Bg5 Ne4 3. Bf4 g5 4. Be5 Rg8 5. e3 d6 6. Bg3 g4 7. Bd3 Nf6 8. Nd2
Bh6 9. Ne2 Nc6 10. c3 Bg5 11. Ne4 Nxe4 12. Bxe4 f5 13. Bc2 Na5 14. Bf4 e6 15.
Qd3 Bd7 16. b4 Nc6 17. d5 Ne5 18. Bxe5 dxe5 19. dxe6 Bxe6 20. Qb5+ Kf7 21. Qxe5
Rg6 22. Rd1 Qe7 23. Bxf5 Bxf5 24. Qxf5+ Bf6 25. Rd7 1-0

[Event "Kreis-EM Mfr.Mitte 1997/98"]
[Site "Stein (15.11.-6.12.97)"]
[Date "1997.??.??"]
[Round "1"]
[White "Wassner, Karl++"]
[Black "Walter, Markus Dr(70)"]
[Result "0-1"]
[WhiteElo "1537"]
[BlackElo "1993"]
[PlyCount "72"]
[EventDate "1997.12.??"]

1. e4 c6 2. d4 d5 3. exd5 cxd5 4. Nf3 Bf5 5. Bd3 Bxd3 6. Qxd3 Nf6 7. Nc3 e6 8.
a3 Bd6 9. Nb5 O-O 10. Nxd6 Qxd6 11. O-O Nbd7 12. Bd2 Qc7 13. Rae1 Rac8 14. c3
Ne4 15. Bc1 Qc4 16. Qxc4 Rxc4 17. Nd2 Nxd2 18. Bxd2 Nf6 19. f3 Rfc8 20. Re2 b5
21. Bf4 a5 22. Rd1 Nd7 23. Bg3 b4 24. axb4 axb4 25. cxb4 Rxb4 26. Be1 Rb3 27.
Bc3 Nb6 28. Ra1 Nc4 29. Ra2 h6 30. h3 Nd6 31. Re1 Nb5 32. Rea1 Nxc3 33. Ra8
Rxa8 34. Rxa8+ Kh7 35. bxc3 Rxc3 36. Kf2 Rc2+ 0-1

[Event "Kreis-EM Mfr.Mitte 1997/98"]
[Site "Stein (15.11.-6.12.97)"]
[Date "1997.??.??"]
[Round "2"]
[White "Walter, Markus Dr(70)"]
[Black "Braginskij, Alexej"]
[Result "1/2-1/2"]
[WhiteElo "1993"]
[BlackElo "1873"]
[PlyCount "94"]
[EventDate "1997.12.??"]
[BlackTeam "Fürth-2002 SZ"]

1. e4 e6 2. d4 d5 3. Nd2 c5 4. exd5 exd5 5. Bb5+ Nc6 6. Qe2+ Be6 7. Ngf3 a6 8.
Bxc6+ bxc6 9. dxc5 Bxc5 10. Nb3 Bb6 11. Nbd4 Qc8 12. Nf5 Kf8 13. Ng3 f6 14. O-O
Kf7 15. Be3 c5 16. b4 Ne7 17. Rfe1 Nc6 18. bxc5 Ba5 19. Red1 Rd8 20. Rab1 Bc3
21. Qd3 d4 22. Bf4 Bxa2 23. Rb6 Nb4 24. Qxh7 Nd5 25. Nf5 Nxb6 26. Qxg7+ Ke6 27.
Qe7+ Kxf5 28. Nh4+ Kxf4 29. g3+ Kg4 30. Qg7+ Kh3 31. Ng2 Qf5 32. Qh6+ Kg4 33.
h3+ Kf3 34. Nh4+ Ke2 35. Nxf5 Kxd1 36. cxb6 Kxc2 37. Qxf6 Bc4 38. Qc6 Bb5 39.
Nxd4+ Kd3 40. Nxb5 axb5 41. Qxb5+ Kd2 42. b7 Rab8 43. h4 Rg8 44. h5 Rg7 45.
Qd5+ Kc2 46. Qf5+ Kb3 47. Qb5+ Kc2 1/2-1/2

[Event "Kreis-EM Mfr.Mitte 1997/98"]
[Site "Stein (15.11.-6.12.97)"]
[Date "1997.??.??"]
[Round "2"]
[White "Holl, Manfred"]
[Black "Goetz, Dieter(65)"]
[Result "1-0"]
[WhiteElo "1893"]
[BlackElo "1958"]
[PlyCount "55"]
[EventDate "1997.12.??"]
[WhiteTeam "Nürnberg-Süd SW"]
[BlackTeam "Nürnberg-1911 SK"]

1. e4 d6 2. Bc4 Nf6 3. Nc3 c6 4. d4 b5 5. Bd3 e5 6. Nf3 Bg4 7. dxe5 dxe5 8. h3
Bxf3 9. Qxf3 Nbd7 10. Bg5 Be7 11. O-O O-O 12. Rad1 Qc7 13. Ne2 Rfe8 14. Ng3 h6
15. Bc1 Nh7 16. Nf5 Ng5 17. Qg3 Kh7 18. Nxe7 Rxe7 19. Bxg5 hxg5 20. Qxg5 Re6
21. Be2 Nf6 22. Rd3 Qe7 23. Rfd1 g6 24. Bg4 Nxg4 25. Qxg4 Kg7 26. Rd7 Qf6 27.
R1d3 Re7 28. R3d6 1-0

[Event "Kreis-EM Mfr.Mitte 1997/98"]
[Site "Stein (15.11.-6.12.97)"]
[Date "1997.??.??"]
[Round "2"]
[White "Klein, Waldemar(58)"]
[Black "Ganslmayer, Herbert"]
[Result "1-0"]
[WhiteElo "1951"]
[BlackElo "1807"]
[PlyCount "115"]
[EventDate "1997.12.??"]
[WhiteTeam "Nürnberg-Süd SW"]
[BlackTeam "Zirndorf SK"]

1. g3 c5 2. Bg2 Nc6 3. Nf3 Nf6 4. O-O g6 5. d3 Bg7 6. c4 d6 7. Nc3 Bd7 8. Rb1
Qc8 9. a3 Bh3 10. b4 h5 11. Bxh3 Qxh3 12. Ng5 Qd7 13. h4 Ng4 14. Nd5 e6 15. Nf4
e5 16. Nd5 Ne7 17. Kg2 b6 18. bxc5 Nxd5 19. cxd5 bxc5 20. e4 O-O 21. f3 Nf6 22.
Rf2 Rab8 23. Rfb2 Rxb2+ 24. Rxb2 Nh7 25. Qb3 Nxg5 26. Bxg5 f5 27. Qb5 Qf7 28.
Qb7 fxe4 29. Qxf7+ Rxf7 30. Rb8+ Kh7 31. fxe4 Bh6 32. Bxh6 Kxh6 33. a4 c4 34.
dxc4 Rc7 35. Rh8+ Kg7 36. Ra8 Kf6 37. a5 Rxc4 38. Rxa7 Rxe4 39. Rd7 Ra4 40.
Rxd6+ Kf5 41. a6 Ke4 42. Rxg6 Ra2+ 43. Kh3 Kxd5 44. Rh6 Ke4 45. Rxh5 Rxa6 46.
Kg4 Rf6 47. Rh8 Rg6+ 48. Kh3 Ke3 49. h5 Rf6 50. Kg4 e4 51. Re8 Rf1 52. h6 Rh1
53. Kg5 Kf3 54. Kg6 e3 55. h7 e2 56. Kg7 Kxg3 57. Rxe2 Kf3 58. Re6 1-0

[Event "Kreis-EM Mfr.Mitte 1997/98"]
[Site "Stein (15.11.-6.12.97)"]
[Date "1997.??.??"]
[Round "2"]
[White "Schmid, Stefan(63)"]
[Black "Neumann, Peter(46)"]
[Result "1-0"]
[WhiteElo "1738"]
[BlackElo "1482"]
[PlyCount "39"]
[EventDate "1997.12.??"]
[BlackTeam "Nürnberg-Süd SW"]

1. d4 e5 2. dxe5 Nc6 3. Nf3 Qe7 4. g3 Nxe5 5. Bg2 Nxf3+ 6. Bxf3 Nf6 7. Nc3 c6
8. O-O d5 9. e4 dxe4 10. Bxe4 Nxe4 11. Nxe4 Be6 12. Re1 h6 13. Bf4 Rd8 14. Qf3
Qd7 15. Rad1 Qc8 16. Bd6 Be7 17. Qa3 Rd7 18. Bxe7 Qc7 19. Nd6+ Rxd6 20. Bxd6
1-0

[Event "Kreis-EM Mfr.Mitte 1997/98"]
[Site "Stein (15.11.-6.12.97)"]
[Date "1997.??.??"]
[Round "2"]
[White "Woerl, Richard"]
[Black "Schrenk, Robert"]
[Result "1-0"]
[WhiteElo "1956"]
[BlackElo "1589"]
[PlyCount "55"]
[EventDate "1997.12.??"]
[BlackTeam "Nürnberg-Zabo Spvg"]

1. e4 c5 2. f4 Nc6 3. Nf3 d6 4. Be2 e5 5. d3 Nh6 6. O-O f5 7. Nc3 Ng4 8. exf5
Bxf5 9. Nxe5 Ngxe5 10. fxe5 g6 11. exd6 Bxd6 12. Ne4 Be5 13. Bf4 Qd4+ 14. Kh1
O-O-O 15. c3 Qd7 16. Nxc5 Qd6 17. Bxe5 Nxe5 18. d4 Qc6 19. b4 h5 20. b5 Qc7 21.
Rxf5 gxf5 22. Ne6 Qe7 23. Nxd8 Ng4 24. Bxg4 hxg4 25. Qf1 Qc7 26. Qxf5+ Kb8 27.
Qe5 g3 28. Qxh8 1-0

[Event "Kreis-EM Mfr.Mitte 1997/98"]
[Site "Stein (15.11.-6.12.97)"]
[Date "1997.??.??"]
[Round "2"]
[White "Junker, Rene++"]
[Black "Konsek, Peter"]
[Result "1/2-1/2"]
[WhiteElo "2114"]
[BlackElo "1929"]
[PlyCount "38"]
[EventDate "1997.12.??"]
[WhiteTeam "Schwabach-07 SK"]

1. e4 d5 2. exd5 Qxd5 3. Nc3 Qa5 4. d4 c6 5. Nf3 Nf6 6. Bc4 Bf5 7. O-O e6 8.
Re1 Bb4 9. Bd2 O-O 10. a3 Bxc3 11. Bxc3 Qc7 12. Ne5 Nbd7 13. Bd3 Bxd3 14. Qxd3
Rfd8 15. Qg3 Nxe5 16. dxe5 Nd5 17. Bd2 Ne7 18. Bg5 Rd5 19. Rad1 Nf5 1/2-1/2

[Event "Kreis-EM Mfr.Mitte 1997/98"]
[Site "Stein (15.11.-6.12.97)"]
[Date "1997.??.??"]
[Round "2"]
[White "Kuehnel, Stefan(64)"]
[Black "Soergel, Frank"]
[Result "0-1"]
[WhiteElo "1532"]
[BlackElo "1956"]
[PlyCount "110"]
[EventDate "1997.12.??"]
[WhiteTeam "Stein SC"]

1. d4 Nf6 2. Bf4 g6 3. e3 Bg7 4. Nf3 d5 5. Nbd2 O-O 6. Be2 b6 7. O-O Ba6 8. a3
Bxe2 9. Qxe2 Nbd7 10. Ne5 Nxe5 11. Bxe5 Qd7 12. Qf3 Rac8 13. Qg3 Qf5 14. Rac1
Nh5 15. Qf3 Bxe5 16. Qxf5 Bxh2+ 17. Kxh2 gxf5 18. Nf3 Nf6 19. Ne5 Ng4+ 20. Kg1
Nxe5 21. dxe5 c5 22. g3 Kg7 23. Kg2 Rh8 24. Rh1 h5 25. c3 f6 26. Rcd1 e6 27.
exf6+ Kxf6 28. f3 Rcg8 29. Kf2 Ke5 30. Rh4 Kf6 31. f4 Rg4 32. Rdh1 Rxh4 33.
Rxh4 Kg6 34. Rh1 Rd8 35. Rd1 b5 36. Rd2 Rh8 37. Kg2 h4 38. gxh4 Rxh4 39. Kg3
Rh1 40. Rh2 Rxh2 41. Kxh2 Kf6 42. Kg3 e5 43. Kf3 Ke6 44. Ke2 a5 45. Kd3 e4+ 46.
Kd2 d4 47. exd4 cxd4 48. cxd4 Kd5 49. Ke3 a4 50. Kd2 Kxd4 51. Ke2 e3 52. Kd1
Ke4 53. Ke2 Kxf4 54. Kf1 Kf3 55. Ke1 e2 0-1

[Event "Kreis-EM Mfr.Mitte 1997/98"]
[Site "Stein (15.11.-6.12.97)"]
[Date "1997.??.??"]
[Round "2"]
[White "Proebster, Georg"]
[Black "Schmidt, Erich(34)++"]
[Result "1-0"]
[WhiteElo "1751"]
[BlackElo "1650"]
[PlyCount "45"]
[EventDate "1997.12.??"]
[BlackTeam "Stein SC"]

1. e4 e6 2. d4 d5 3. Nc3 c5 4. exd5 exd5 5. dxc5 d4 6. Bb5+ Nc6 7. Bxc6+ bxc6
8. Ne4 Bf5 9. Ng3 Qa5+ 10. Bd2 Qxc5 11. Qe2+ Kd7 12. Nxf5 Qxf5 13. O-O-O a5 14.
Nf3 Qd5 15. Nxd4 Qxa2 16. Qg4+ Kc7 17. Bf4+ Kb6 18. Qd7 Ne7 19. Qc7+ Ka6 20.
Nb3 Rc8 21. Nc5+ Kb5 22. Qb7+ Kc4 23. b3+ 1-0

[Event "Kreis-EM Mfr.Mitte 1997/98"]
[Site "Stein (15.11.-6.12.97)"]
[Date "1997.??.??"]
[Round "2"]
[White "Betz, Egon"]
[Black "Suess, Helmut"]
[Result "1/2-1/2"]
[WhiteElo "1904"]
[BlackElo "1965"]
[PlyCount "48"]
[EventDate "1997.12.??"]

1. e4 d6 2. d4 g6 3. Nc3 c6 4. Be3 Nf6 5. f3 Bg7 6. Bd3 O-O 7. Qd2 Nbd7 8. Nge2
e5 9. d5 c5 10. Nb5 Qb6 11. c4 a6 12. Nbc3 Qc7 13. a4 b6 14. g4 Re8 15. Ng3 Nf8
16. h4 h5 17. gxh5 Nxh5 18. Nce2 Nxg3 19. Nxg3 Bd7 20. Bh6 b5 21. Bxg7 Kxg7 22.
h5 bxc4 23. hxg6 fxg6 24. Bxc4 Qb6 1/2-1/2

[Event "Kreis-EM Mfr.Mitte 1997/98"]
[Site "Stein (15.11.-6.12.97)"]
[Date "1997.??.??"]
[Round "2"]
[White "Gawlas, Gunder"]
[Black "Gedak, Gerhard"]
[Result "1-0"]
[WhiteElo "1578"]
[BlackElo "1660"]
[PlyCount "51"]
[EventDate "1997.12.??"]

1. e4 c5 2. Nf3 d6 3. c3 Nc6 4. Be2 Nf6 5. d3 e6 6. Be3 b6 7. Nbd2 Bb7 8. Rc1
Qc7 9. d4 d5 10. e5 Ng4 11. O-O Nxe3 12. fxe3 Be7 13. Qe1 O-O-O 14. a3 h5 15.
b4 c4 16. e4 g5 17. exd5 exd5 18. Qf2 f5 19. Nxg5 Bxg5 20. Qxf5+ Kb8 21. Qxg5
Rdg8 22. Qh4 Qh7 23. Rf6 Ne7 24. Qf2 Bc8 25. Rf7 Rxg2+ 26. Kxg2 1-0

[Event "Kreis-EM Mfr.Mitte 1997/98"]
[Site "Stein (15.11.-6.12.97)"]
[Date "1997.??.??"]
[Round "2"]
[White "Grasser, Stefan"]
[Black "Nottenkaemper, Franz Ludwig"]
[Result "1-0"]
[WhiteElo "1552"]
[BlackElo "1668"]
[PlyCount "105"]
[EventDate "1997.12.??"]

1. d4 e6 2. Nf3 Nf6 3. Bg5 b6 4. e4 Be7 5. Nc3 Bb7 6. Bxf6 Bxf6 7. Qd2 d6 8.
O-O-O Nd7 9. Kb1 c6 10. Bc4 Rc8 11. Rhe1 O-O 12. e5 Be7 13. Bb3 d5 14. Ne2 c5
15. c3 cxd4 16. cxd4 b5 17. Qd3 a6 18. Rc1 Qa5 19. Nd2 Bb4 20. Nc3 Bxc3 21.
Rxc3 Rxc3 22. Qxc3 b4 23. Qd3 Bc6 24. Rc1 Bb5 25. Qe3 Qb6 26. Bd1 a5 27. Nb3
Bc4 28. Nc5 Nxc5 29. dxc5 Qb5 30. b3 Bf1 31. g3 Qd3+ 32. Qxd3 Bxd3+ 33. Kb2 Rc8
34. f4 f6 35. Bf3 fxe5 36. fxe5 Bb5 37. Bg4 Kf7 38. a4 Bd3 39. c6 Rc7 40. Rc5
Be4 41. Kc1 d4 42. Kd2 Bd5 43. Rxd5 exd5 44. Bd7 Rxc6 45. Bxc6 Ke6 46. Ke2 Kxe5
47. Bb5 h6 48. Bd3 g5 49. Kf3 h5 50. h3 Kf6 51. h4 gxh4 52. gxh4 Ke5 53. Bg6
1-0

[Event "Kreis-EM Mfr.Mitte 1997/98"]
[Site "Stein (15.11.-6.12.97)"]
[Date "1997.??.??"]
[Round "2"]
[White "Hennemann, Herbert"]
[Black "Bodakosch, Josef"]
[Result "0-1"]
[WhiteElo "1587"]
[BlackElo "1446"]
[PlyCount "108"]
[EventDate "1997.12.??"]

1. d4 d5 2. c4 Bf5 3. cxd5 Bxb1 4. Rxb1 Qxd5 5. Bf4 Qa5+ 6. b4 Qxa2 7. Bxc7 Nf6
8. Nf3 Nd5 9. Ra1 Qb2 10. Qa4+ Nc6 11. Qa3 Qxb4+ 12. Qxb4 Ncxb4 13. Ba5 Nc2+
14. Kd2 Nxa1 15. e4 Nb3+ 16. Kd3 Nxa5 17. exd5 e6 18. g3 Bd6 19. dxe6 fxe6 20.
Bh3 Rf8 21. Ng5 Rxf2 22. Nxe6 g6 23. Ng5 Bb4 24. Nxh7 Rd8 25. Ke3 Rd2 26. d5
Nc4+ 27. Kf4 Kf7 28. Be6+ Kg7 29. Ng5 Rf8+ 30. Ke4 Nd6+ 31. Ke3 Kh6 32. Nf3
Nf5+ 33. Ke4 Nd6+ 34. Ke3 Nc4+ 35. Ke4 Rf2 36. Nd4 Nd2+ 37. Kd3 Bc5 38. g4 Bxd4
39. Kxd4 R8f4+ 40. Kd3 Nc4 41. h4 R2f3+ 42. Kc2 Nd6 43. h5 g5 44. Rc1 Rc4+ 45.
Kb2 Rf2+ 46. Kb1 Rxc1+ 47. Kxc1 b5 48. Bd7 a5 49. Bc6 Rg2 50. Bd7 a4 51. Kb1 a3
52. Ka1 b4 53. Ba4 Ne4 54. Bb3 Nc3 0-1